000 00383nam a2200145Ia 4500
008 240729s9999 xx 000 0 und d
022 _a2211-8039
245 0 _aBioMedicine
260 _aTaiwan, Province of China
260 _bChina Medical University
650 _aMedicine
856 _uhttps://doaj.org/toc/161c513b3f554853a600232fab24d312
942 _2ddc
942 _cDOAJEJ
999 _c70544
_d70544
945 _a1
_bMadushi Gamage
_c1
_dMadushi Gamage